[Event "Toronto-ch"]
[Site "Toronto CAN"]
[Date "1982.02.??"]
[Round "1"]
[White "Van Leusden, Jacques"]
[Black "Morrison, Robert"]
[Result "0-1"]
[WhiteElo "2066"]
[BlackElo "2341"]
[PlyCount "42"]
[GameId "2160767912848813"]
[EventDate "1982.02.??"]
[EventType "tourn"]
[EventRounds "11"]
[EventCountry "CAN"]
[SourceTitle "EXT 2022"]
[Source "ChessBase"]
[SourceDate "2021.10.06"]
[SourceVersion "1"]
[SourceVersionDate "2021.10.06"]
[SourceQuality "1"]

1. a3 Nf6 2. d4 g6 3. Nf3 Bg7 4. Bg5 c5 5. e3 O-O 6. Nbd2 b6 7. Be2 Bb7 8. O-O Nc6 9. c4 cxd4 10. exd4 d5 11. Rc1 h6 12. Bh4 Re8 13. Qa4 g5 14. Bg3 g4 15. Ne5 Nxd4 16. Bd3 Ne4 17. Bxe4 Ne2+ 18. Kh1 dxe4 19. Qd1 Nxg3+ 20. fxg3 e3 21. Qxg4 Qxd2 0-1

[Event "Toronto-ch"]
[Site "Toronto CAN"]
[Date "1982.02.??"]
[Round "2"]
[White "Day, Lawrence"]
[Black "Lavin, David"]
[Result "1-0"]
[WhiteElo "2439"]
[BlackElo "2191"]
[PlyCount "71"]
[GameId "2160767912848814"]
[EventDate "1982.02.??"]
[EventType "tourn"]
[EventRounds "11"]
[EventCountry "CAN"]
[SourceTitle "EXT 2022"]
[Source "ChessBase"]
[SourceDate "2021.10.06"]
[SourceVersion "1"]
[SourceVersionDate "2021.10.06"]
[SourceQuality "1"]

1. g3 d5 2. Nf3 e6 3. Bg2 c5 4. c4 Nf6 5. cxd5 Nxd5 6. O-O Nc6 7. d4 cxd4 8. Nxd4 Qb6 9. Nb3 Be7 10. e4 Nf6 11. Be3 Qc7 12. Nc3 O-O 13. f4 Rd8 14. Qe2 Na5 15. e5 Ne8 16. Rfc1 Nxb3 17. axb3 Bd7 18. Nb5 Bxb5 19. Rxc7 Nxc7 20. Qf2 Nd5 21. Bc5 Bxc5 22. Qxc5 a6 23. Rc1 g6 24. h4 Rd7 25. h5 gxh5 26. Rd1 Rc7 27. Qf2 Ne7 28. Qf3 Rc2 29. Qxh5 Rxb2 30. Bxb7 Rb8 31. Be4 Ng6 32. Qg5 Rxb3 33. f5 exf5 34. Bd5 Rd3 35. Rxd3 Bxd3 36. Qf6 1-0

[Event "Toronto-ch"]
[Site "Toronto CAN"]
[Date "1982.02.??"]
[Round "2"]
[White "Kilgour, Ian"]
[Black "Kleinplatz, Sam"]
[Result "1-0"]
[WhiteElo "2240"]
[BlackElo "2219"]
[PlyCount "83"]
[GameId "2160767912848815"]
[EventDate "1982.02.??"]
[EventType "tourn"]
[EventRounds "11"]
[EventCountry "CAN"]
[SourceTitle "EXT 2022"]
[Source "ChessBase"]
[SourceDate "2021.10.06"]
[SourceVersion "1"]
[SourceVersionDate "2021.10.06"]
[SourceQuality "1"]

1. e4 c5 2. Nf3 a6 3. c3 d5 4. e5 d4 5. d3 Nc6 6. Be2 g6 7. O-O Bg7 8. Bf4 f6 9. exf6 Nxf6 10. c4 Nh5 11. Bg5 h6 12. Bc1 e5 13. g3 Nf6 14. Nh4 Ne7 15. f4 exf4 16. Bxf4 O-O 17. Be5 Kh7 18. Nd2 Neg8 19. Bf3 Re8 20. Bxf6 Nxf6 21. Ne4 Bh3 22. Re1 g5 23. Ng2 Qc7 24. Nxf6+ Bxf6 25. Be4+ Kg7 26. Qh5 Rxe4 27. dxe4 Bd7 28. Qe2 Re8 29. Rf1 Qe5 30. Rae1 b6 31. b3 Bc6 32. Qf3 Re6 33. Qg4 d3 34. Nf4 Qd4+ 35. Rf2 Rxe4 36. Ne6+ Kh8 37. Rxe4 Qxe4 38. Qxe4 Bxe4 39. Rxf6 d2 40. Rf8+ Kh7 41. Rd8 Bf5 42. Nc7 1-0

[Event "Toronto-ch"]
[Site "Toronto CAN"]
[Date "1982.02.??"]
[Round "2"]
[White "Kourkounakis, Ilias"]
[Black "Buchholz, Martin"]
[Result "1-0"]
[WhiteElo "2246"]
[BlackElo "2306"]
[PlyCount "47"]
[GameId "2160767912848816"]
[EventDate "1982.02.??"]
[EventType "tourn"]
[EventRounds "11"]
[EventCountry "CAN"]
[SourceTitle "EXT 2022"]
[Source "ChessBase"]
[SourceDate "2021.10.06"]
[SourceVersion "1"]
[SourceVersionDate "2021.10.06"]
[SourceQuality "1"]

1. Nf3 Nf6 2. c4 b6 3. b3 e6 4. Bb2 Bb7 5. Nc3 c5 6. Rc1 Be7 7. e4 O-O 8. e5 Ne8 9. d4 cxd4 10. Qxd4 d6 11. exd6 Bxd6 12. Bd3 Nd7 13. Rd1 e5 14. Qh4 Qxh4 15. Nxh4 Nc5 16. Nf5 Bxg2 17. Rg1 Bf3 18. Be2 Bxe2 19. Kxe2 Bb8 20. Rd8 Ne6 21. Rc8 Kh8 22. Ba3 Rg8 23. Ne7 Bd6 24. Rxa8 1-0

[Event "Toronto-ch"]
[Site "Toronto CAN"]
[Date "1982.02.??"]
[Round "2"]
[White "Morrison, Robert"]
[Black "Findlay, Ian"]
[Result "1-0"]
[WhiteElo "2341"]
[BlackElo "2250"]
[PlyCount "63"]
[GameId "2160767912848817"]
[EventDate "1982.02.??"]
[EventType "tourn"]
[EventRounds "11"]
[EventCountry "CAN"]
[SourceTitle "EXT 2022"]
[Source "ChessBase"]
[SourceDate "2021.10.06"]
[SourceVersion "1"]
[SourceVersionDate "2021.10.06"]
[SourceQuality "1"]

1. d4 Nf6 2. c4 c5 3. d5 e6 4. Nc3 exd5 5. cxd5 d6 6. e4 g6 7. f4 Bg7 8. Nf3 O-O 9. Be2 Bg4 10. O-O Nbd7 11. a4 Re8 12. h3 Bxf3 13. Bxf3 a6 14. g4 h6 15. h4 c4 16. g5 Nh7 17. Qe2 Rc8 18. Bg4 Qe7 19. h5 Nhf8 20. hxg6 fxg6 21. e5 hxg5 22. Bxd7 Nxd7 23. e6 Bxc3 24. bxc3 Nf6 25. f5 Nxd5 26. Qg2 Rc5 27. Bxg5 Qh7 28. Rae1 Nc7 29. Bf6 Qh5 30. Rf3 Rxf5 31. Rh3 Qxh3 32. Qxg6+ 1-0

[Event "Toronto-ch"]
[Site "Toronto CAN"]
[Date "1982.02.??"]
[Round "2"]
[White "Nickoloff, Bryon"]
[Black "Dzera, Victor"]
[Result "1-0"]
[WhiteElo "2343"]
[BlackElo "2258"]
[PlyCount "67"]
[GameId "2160767912848818"]
[EventDate "1982.02.??"]
[EventType "tourn"]
[EventRounds "11"]
[EventCountry "CAN"]
[SourceTitle "EXT 2022"]
[Source "ChessBase"]
[SourceDate "2021.10.06"]
[SourceVersion "1"]
[SourceVersionDate "2021.10.06"]
[SourceQuality "1"]

1. d4 Nf6 2. c4 e6 3. Nc3 Bb4 4. g3 c5 5. Nf3 Nc6 6. d5 Na5 7. Nd2 b5 8. Bg2 Bb7 9. O-O bxc4 10. dxe6 d5 11. exf7+ Kxf7 12. e4 Bxc3 13. bxc3 dxe4 14. Qa4 Bc6 15. Qa3 Rc8 16. Qxc5 Re8 17. Nxc4 Nxc4 18. Qxc4+ Bd5 19. Qa4 Re7 20. Rd1 Rxc3 21. Bb2 Rd3 22. Bf1 Rb7 23. Bxd3 exd3 24. Qd4 Qb8 25. Bc3 Bf3 26. Qc4+ Kf8 27. Re1 Qd8 28. Bb4+ Rxb4 29. Qxb4+ Kf7 30. Rad1 Ne4 31. Qb3+ Kf8 32. Rxd3 Qa5 33. Rxf3+ Nf6 34. Qa3+ 1-0

[Event "Toronto-ch"]
[Site "Toronto CAN"]
[Date "1982.02.??"]
[Round "3"]
[White "Findlay, Ian"]
[Black "Day, Lawrence"]
[Result "0-1"]
[WhiteElo "2250"]
[BlackElo "2439"]
[PlyCount "78"]
[GameId "2160767912848820"]
[EventDate "1982.02.??"]
[EventType "tourn"]
[EventRounds "11"]
[EventCountry "CAN"]
[SourceTitle "EXT 2022"]
[Source "ChessBase"]
[SourceDate "2021.10.06"]
[SourceVersion "1"]
[SourceVersionDate "2021.10.06"]
[SourceQuality "1"]

1. e4 g6 2. d4 Bg7 3. Nf3 d6 4. Be2 Nf6 5. Nc3 O-O 6. O-O c6 7. Re1 b5 8. e5 Ne8 9. Bf4 Na6 10. Qd2 Nac7 11. Rad1 Bf5 12. Bf1 Bg4 13. Be2 Qd7 14. Ne4 Nd5 15. Bh6 Nec7 16. h3 Bf5 17. Bf1 f6 18. Bxg7 Kxg7 19. exd6 exd6 20. c3 a5 21. Nh4 Be6 22. b3 Nb6 23. Qc2 f5 24. Ng5 Bg8 25. f4 Nbd5 26. g3 Rae8 27. Ng2 Nf6 28. c4 h6 29. Nf3 Ne4 30. Kh2 b4 31. a3 Nc3 32. Ra1 Ne6 33. Ne3 Kh8 34. Bd3 Qg7 35. axb4 axb4 36. d5 Nd4 37. Qf2 Nxb3 38. Nxf5 gxf5 39. Ra7 Qf6 0-1

[Event "Toronto-ch"]
[Site "Toronto CAN"]
[Date "1982.02.??"]
[Round "3"]
[White "Kleinplatz, Sam"]
[Black "Van Leusden, Jacques"]
[Result "1-0"]
[WhiteElo "2219"]
[BlackElo "2066"]
[PlyCount "63"]
[GameId "2160767912848822"]
[EventDate "1982.02.??"]
[EventType "tourn"]
[EventRounds "11"]
[EventCountry "CAN"]
[SourceTitle "EXT 2022"]
[Source "ChessBase"]
[SourceDate "2021.10.06"]
[SourceVersion "1"]
[SourceVersionDate "2021.10.06"]
[SourceQuality "1"]

1. d4 Nf6 2. c4 c5 3. d5 b5 4. cxb5 a6 5. bxa6 Bxa6 6. Nc3 g6 7. e4 Bxf1 8. Kxf1 d6 9. Nf3 Nbd7 10. h3 Bg7 11. Kg1 O-O 12. Kh2 Qc7 13. Re1 Rfb8 14. Re2 Nb6 15. Rb1 Nfd7 16. Bg5 Nc4 17. Qc2 Qa5 18. Nd2 Nxb2 19. Rxb2 Qxc3 20. Rxb8+ Rxb8 21. Qa4 h6 22. Be3 Ne5 23. f4 Nd3 24. Nf3 Nb2 25. Qa7 Rb4 26. Bd2 Qd3 27. Re3 Qc2 28. Bxb4 cxb4 29. Qb8+ Kh7 30. Qxb4 Nd1 31. Re1 Bc3 32. Qc4 1-0

[Event "Toronto-ch"]
[Site "Toronto CAN"]
[Date "1982.02.??"]
[Round "3"]
[White "Lavin, David"]
[Black "Nickoloff, Bryon"]
[Result "0-1"]
[WhiteElo "2191"]
[BlackElo "2343"]
[PlyCount "58"]
[GameId "2160767912848823"]
[EventDate "1982.02.??"]
[EventType "tourn"]
[EventRounds "11"]
[EventCountry "CAN"]
[SourceTitle "EXT 2022"]
[Source "ChessBase"]
[SourceDate "2021.10.06"]
[SourceVersion "1"]
[SourceVersionDate "2021.10.06"]
[SourceQuality "1"]

1. d4 Nf6 2. c4 e6 3. Nf3 d5 4. Nc3 Be7 5. cxd5 exd5 6. Bf4 c6 7. Qc2 Na6 8. e3 Nb4 9. Qd1 Bf5 10. Rc1 Qa5 11. Qb3 Qb6 12. Qd1 Ne4 13. a3 Na6 14. Nxe4 Bxe4 15. b4 Nc7 16. Nd2 Nb5 17. Nxe4 dxe4 18. Qg4 Nxa3 19. Be2 Qxb4+ 20. Kf1 O-O 21. h4 f5 22. Qh3 Bd6 23. g3 Rad8 24. Bxd6 Rxd6 25. Rc5 Rd5 26. Rc1 c5 27. Kg2 cxd4 28. exd4 Rxd4 29. h5 Rd2 0-1

[Event "Toronto-ch"]
[Site "Toronto CAN"]
[Date "1982.02.??"]
[Round "4"]
[White "Buchholz, Martin"]
[Black "Kilgour, Ian"]
[Result "1-0"]
[WhiteElo "2306"]
[BlackElo "2240"]
[PlyCount "64"]
[GameId "2160767739985464"]
[EventDate "1982.02.??"]
[EventType "tourn"]
[EventRounds "11"]
[EventCountry "CAN"]
[SourceTitle "EXT 2022"]
[Source "ChessBase"]
[SourceDate "2021.10.06"]
[SourceVersion "1"]
[SourceVersionDate "2021.10.06"]
[SourceQuality "1"]

1. d4 Nf6 2. c4 g6 3. Nc3 d5 4. Bf4 Bg7 5. e3 O-O 6. Nf3 c5 7. dxc5 Ne4 8. Be5 Bxe5 9. Nxe5 Nxc3 10. bxc3 Qc7 11. Qd4 Nc6 12. Nxc6 bxc6 13. Be2 e5 14. Qh4 Qa5 15. O-O Qxc5 16. Qf6 Re8 17. cxd5 cxd5 18. Rfd1 Be6 19. Kf1 Qxc3 20. Rdc1 Qd2 21. h4 Rac8 22. Rd1 Qc3 23. Rab1 e4 24. Rd4 Rc6 25. Rbd1 Bg4 26. Qf4 Bxe2+ 27. Kxe2 Qb2+ 28. R4d2 Qb5+ 29. Ke1 d4 30. exd4 Qd5 31. Kf1 Rc3 32. Re1 Re6 {time} 1-0

[Event "Toronto-ch"]
[Site "Toronto CAN"]
[Date "1982.02.??"]
[Round "4"]
[White "Kilgour, Ian"]
[Black "Dzera, Victor"]
[Result "1-0"]
[WhiteElo "2240"]
[BlackElo "2258"]
[PlyCount "82"]
[GameId "2160767912848825"]
[EventDate "1982.02.??"]
[EventType "tourn"]
[EventRounds "11"]
[EventCountry "CAN"]
[SourceTitle "EXT 2022"]
[Source "ChessBase"]
[SourceDate "2021.10.06"]
[SourceVersion "1"]
[SourceVersionDate "2021.10.06"]
[SourceQuality "1"]

1. e4 Nf6 2. e5 Nd5 3. d4 d6 4. Nf3 Bg4 5. Be2 Nc6 6. c4 Nb6 7. exd6 exd6 8. O-O Be7 9. Be3 O-O 10. Nbd2 d5 11. c5 Nc8 12. h3 Bh5 13. Bb5 f5 14. Bxc6 bxc6 15. Bf4 Rb8 16. Qa4 Rb5 17. Ne5 Be8 18. Nb3 Bg5 19. Bxg5 Qxg5 20. f4 Qd8 21. Rf2 Rf6 22. Raf1 Kf8 23. Nc1 Rb7 24. Qa6 Rb4 25. Qd3 Ne7 26. a3 Rb5 27. Nf3 h6 28. Re1 Bh5 29. Rfe2 Ng6 30. g3 Rb8 31. b4 Kg8 32. Kf2 Nf8 33. Nb3 Bxf3 34. Kxf3 Kf7 35. Na5 Qc8 36. Re7+ Kg8 37. Qe3 Qa6 38. Qe2 Rb5 39. Re8 Kh7 40. Re7 Rxa5 41. bxa5 Qxa5 1-0

[Event "Toronto-ch"]
[Site "Toronto CAN"]
[Date "1982.02.??"]
[Round "4"]
[White "Kourkounakis, Ilias"]
[Black "Lavin, David"]
[Result "1-0"]
[WhiteElo "2246"]
[BlackElo "2191"]
[PlyCount "137"]
[GameId "2160767912848826"]
[EventDate "1982.02.??"]
[EventType "tourn"]
[EventRounds "11"]
[EventCountry "CAN"]
[SourceTitle "EXT 2022"]
[Source "ChessBase"]
[SourceDate "2021.10.06"]
[SourceVersion "1"]
[SourceVersionDate "2021.10.06"]
[SourceQuality "1"]

1. e4 e5 2. Nf3 Nc6 3. Bb5 a6 4. Ba4 Nf6 5. Qe2 Be7 6. c3 b5 7. Bc2 d5 8. d3 O-O 9. Nbd2 Re8 10. Nf1 d4 11. a3 a5 12. Ng3 g6 13. Bg5 Rb8 14. O-O Qd6 15. Rfd1 Nd7 16. Bd2 Bf6 17. b4 dxc3 18. Bxc3 axb4 19. axb4 Nf8 20. Bb3 Be6 21. Qb2 Ra8 22. Rxa8 Rxa8 23. Nf1 Bxb3 24. Qxb3 Qe6 25. Qb1 Ra3 26. Qc1 Ra4 27. Ne3 Nd4 28. Bxd4 exd4 29. Nd5 c6 30. Nxf6+ Qxf6 31. e5 Qd8 32. Qxc6 Rxb4 33. h4 Ne6 34. Ra1 Ra4 35. Rxa4 bxa4 36. Qxa4 Qb6 37. Qa8+ Kg7 38. Qe4 Qc5 39. Kh2 Kf8 40. Ng5 Nxg5 41. hxg5 Ke7 42. Qf4 Ke8 43. Qf6 Qc3 44. e6 fxe6 45. Qh8+ Kd7 46. Qxh7+ Kd6 47. Qxg6 Qd2 48. Kg3 Kc5 49. f3 Kb4 50. Kh3 Kc3 51. g3 Qe3 52. Kg4 Qe5 53. Qe4 Qg7 54. f4 Qh8 55. Qxe6 Kxd3 56. g6 Kc2 57. Qf7 d3 58. g7 Qc8+ 59. Qf5 Qg8 60. Qf8 Qe6+ 61. Kg5 Qd5+ 62. Qf5 Qd8+ 63. Kh6 Qg8 64. g4 Qd8 65. Kh7 Qh4+ 66. Kg6 Qd8 67. Qf8 Qb6+ 68. Qf6 Qb8 69. Qe6 1-0

[Event "Toronto-ch"]
[Site "Toronto CAN"]
[Date "1982.02.??"]
[Round "4"]
[White "Morrison, Robert"]
[Black "Day, Lawrence"]
[Result "1/2-1/2"]
[WhiteElo "2341"]
[BlackElo "2439"]
[PlyCount "79"]
[GameId "2160767912848827"]
[EventDate "1982.02.??"]
[EventType "tourn"]
[EventRounds "11"]
[EventCountry "CAN"]
[SourceTitle "EXT 2022"]
[Source "ChessBase"]
[SourceDate "2021.10.06"]
[SourceVersion "1"]
[SourceVersionDate "2021.10.06"]
[SourceQuality "1"]

1. d4 Nf6 2. c4 c5 3. d5 e6 4. Nc3 exd5 5. cxd5 d6 6. e4 g6 7. Nf3 Bg7 8. Be2 O-O 9. O-O a6 10. a4 Bg4 11. Bf4 Re8 12. Nd2 Bxe2 13. Qxe2 Nh5 14. Be3 Nd7 15. Ra3 Rb8 16. Rb3 Bd4 17. Nd1 Qf6 18. g3 Qe5 19. f4 Bxe3+ 20. Rxe3 Qd4 21. Nf3 Qxa4 22. Nc3 Qa5 23. e5 Qb6 24. f5 Nxe5 25. Nxe5 Rxe5 26. fxg6 hxg6 27. Rxe5 dxe5 28. Qxe5 Rd8 29. g4 Ng7 30. Ne4 f5 31. gxf5 gxf5 32. Nf6+ Kf7 33. Nh5 Nxh5 34. Qxf5+ Nf6 35. Qh7+ Kf8 36. Qh6+ Kf7 37. Qh7+ Kf8 38. Qh6+ Kf7 39. Qh7+ Kf8 40. Qh6+ 1/2-1/2

[Event "Toronto-ch"]
[Site "Toronto CAN"]
[Date "1982.02.??"]
[Round "4"]
[White "Nickoloff, Bryon"]
[Black "Findlay, Ian"]
[Result "1/2-1/2"]
[WhiteElo "2343"]
[BlackElo "2250"]
[PlyCount "150"]
[GameId "2160767912848828"]
[EventDate "1982.02.??"]
[EventType "tourn"]
[EventRounds "11"]
[EventCountry "CAN"]
[SourceTitle "EXT 2022"]
[Source "ChessBase"]
[SourceDate "2021.10.06"]
[SourceVersion "1"]
[SourceVersionDate "2021.10.06"]
[SourceQuality "1"]

1. e4 c5 2. Nf3 d6 3. d4 cxd4 4. Nxd4 Nf6 5. Nc3 g6 6. Be2 Bg7 7. O-O O-O 8. Bg5 Nc6 9. Nb3 Be6 10. Kh1 a6 11. f3 Rc8 12. Nd5 Bxd5 13. exd5 Ne5 14. Re1 h6 15. Bc1 Qc7 16. c3 b5 17. a4 Qb7 18. axb5 axb5 19. Na5 Qxd5 20. Qxd5 Nxd5 21. Bxb5 Rc5 22. Be2 Ra8 23. Nb3 Rxa1 24. Nxa1 e6 25. Nb3 Rc8 26. Nd4 Nb6 27. Nb5 d5 28. Kg1 Nbc4 29. f4 Nd7 30. Kf2 Nc5 31. Kf3 Ne4 32. Bxc4 Rxc4 33. Be3 Rc8 34. Ra1 Rb8 35. Ra5 Bf6 36. Ke2 Kh7 37. Ba7 Rb7 38. Bd4 Bd8 39. Ra8 Rxb5 40. Rxd8 Rxb2+ 41. Ke3 f6 42. Re8 Rxg2 43. Rxe6 Rxh2 44. Bxf6 Nxf6 45. Rxf6 Kg7 46. Rc6 Rh5 47. Kd4 Rf5 48. Rc7+ Kf6 49. Rc6+ Kf7 50. Rc7+ Ke8 51. Ke3 h5 52. Rg7 Rf6 53. Rc7 Rf5 54. Rc8+ Kf7 55. Rc7+ Kg8 56. Rc8+ Kg7 57. Rc7+ Kf6 58. Rh7 Ke6 59. Rg7 Rf6 60. Kf3 Kd6 61. Ke3 Kc5 62. Rg8 Kc4 63. Rc8+ Kb3 64. Rc5 Rf5 65. Rc6 h4 66. Rxg6 Rh5 67. Rg5 Rh8 68. Rxd5 h3 69. Rd1 h2 70. Rh1 Kxc3 71. f5 Rh4 72. Kf3 Kd4 73. Kg3 Rh8 74. Rxh2 Rxh2 75. Kxh2 Ke5 1/2-1/2

[Event "Toronto-ch"]
[Site "Toronto CAN"]
[Date "1982.02.??"]
[Round "4"]
[White "Van Leusden, Jacques"]
[Black "Buchholz, Martin"]
[Result "1-0"]
[WhiteElo "2066"]
[BlackElo "2306"]
[PlyCount "84"]
[GameId "2160767912848829"]
[EventDate "1982.02.??"]
[EventType "tourn"]
[EventRounds "11"]
[EventCountry "CAN"]
[SourceTitle "EXT 2022"]
[Source "ChessBase"]
[SourceDate "2021.10.06"]
[SourceVersion "1"]
[SourceVersionDate "2021.10.06"]
[SourceQuality "1"]

1. Nc3 c5 2. Nf3 Nc6 3. d4 cxd4 4. Nxd4 Nf6 5. g3 g6 6. Bg2 Bg7 7. O-O O-O 8. h3 d5 9. Nxc6 bxc6 10. e4 Nxe4 11. Nxe4 dxe4 12. Qe2 f5 13. Rd1 Qc7 14. Qc4+ Kh8 15. Bf4 e5 16. Be3 Re8 17. Bc5 Be6 18. Qa4 Bf8 19. Qa3 Bxc5 20. Qxc5 Rad8 21. b4 Bg8 22. a4 Rd7 23. c4 Red8 24. Rxd7 Rxd7 25. b5 cxb5 26. Qxc7 Rxc7 27. cxb5 Rc2 28. Bf1 Ra2 29. Rxa2 Bxa2 30. a5 Bd5 31. Be2 Kg7 32. Kf1 Kf6 33. Ke1 Ke7 34. Kd2 Kd6 35. Kc3 Kc5 36. h4 Bf7 37. Bf1 h6 38. Be2 Be8 39. Bc4 Bxb5 40. Bf7 g5 41. hxg5 hxg5 42. Bg6 Bd7 1-0

[Event "Toronto-ch"]
[Site "Toronto CAN"]
[Date "1982.02.??"]
[Round "5"]
[White "Day, Lawrence"]
[Black "Nickoloff, Bryon"]
[Result "1/2-1/2"]
[WhiteElo "2439"]
[BlackElo "2343"]
[PlyCount "87"]
[GameId "2160767912848831"]
[EventDate "1982.02.??"]
[EventType "tourn"]
[EventRounds "11"]
[EventCountry "CAN"]
[SourceTitle "EXT 2022"]
[Source "ChessBase"]
[SourceDate "2021.10.06"]
[SourceVersion "1"]
[SourceVersionDate "2021.10.06"]
[SourceQuality "1"]

1. g3 d5 2. Nf3 Nf6 3. Bg2 c6 4. O-O Bf5 5. d3 e6 6. b3 Be7 7. Bb2 O-O 8. Nbd2 a5 9. a4 h6 10. Qe1 Bh7 11. e4 Na6 12. Qe2 Nb4 13. e5 Nd7 14. Ne1 b5 15. Kh1 bxa4 16. bxa4 Rb8 17. Ba3 Nxe5 18. f4 Nd7 19. c3 Na6 20. Bxe7 Qxe7 21. d4 Nc7 22. Nd3 Qd6 23. g4 c5 24. f5 Rfe8 25. Qf3 e5 26. dxe5 Nxe5 27. Qg3 f6 28. Rad1 c4 29. Nf4 Qc5 30. Nxd5 Nxd5 31. Ne4 Qe3 32. Nxf6+ gxf6 33. Bxd5+ Nf7 34. Qc7 Qe7 35. Bxf7+ Qxf7 36. Rd7 Qf8 37. Rfd1 Rb2 38. Rxh7 Ree2 39. Qa7 Rxh2+ 40. Kg1 Rhg2+ 41. Kh1 Rh2+ 42. Kg1 Rbg2+ 43. Kf1 Rf2+ 44. Kg1 1/2-1/2

[Event "Toronto-ch"]
[Site "Toronto CAN"]
[Date "1982.02.??"]
[Round "5"]
[White "Findlay, Ian"]
[Black "Kourkounakis, Ilias"]
[Result "0-1"]
[WhiteElo "2250"]
[BlackElo "2246"]
[PlyCount "106"]
[GameId "2160767912848832"]
[EventDate "1982.02.??"]
[EventType "tourn"]
[EventRounds "11"]
[EventCountry "CAN"]
[SourceTitle "EXT 2022"]
[Source "ChessBase"]
[SourceDate "2021.10.06"]
[SourceVersion "1"]
[SourceVersionDate "2021.10.06"]
[SourceQuality "1"]

1. e4 c5 2. Nf3 Nc6 3. d4 cxd4 4. Nxd4 g6 5. Nc3 Bg7 6. Be3 Nf6 7. Bc4 Qa5 8. O-O Qb4 9. Bb3 Nxe4 10. Nxe4 Nxd4 11. Bxf7+ Kxf7 12. Ng5+ Kg8 13. c3 Qb5 14. cxd4 h6 15. Nh3 Kh7 16. Nf4 d6 17. Rc1 Bd7 18. Rc7 Rhc8 19. a4 Qxf1+ 20. Kxf1 Rxc7 21. Nd5 Rcc8 22. Nxe7 Re8 23. Nd5 Rac8 24. h3 b5 25. axb5 Bxb5+ 26. Kg1 Bc4 27. Nf4 Bf7 28. h4 Bf6 29. h5 g5 30. Qd3+ Kg7 31. Ng6 Rb8 32. Qa3 Bxg6 33. hxg6 Re7 34. g4 d5 35. Kg2 Rb5 36. Bd2 Re4 37. Qxa7+ Kxg6 38. Qd7 Rxb2 39. Bc3 Rc2 40. Qf5+ Kg7 41. Bb4 Ree2 42. Bf8+ Kf7 43. Bc5 Rxf2+ 44. Qxf2 Rxf2+ 45. Kxf2 Kg6 46. Kf3 h5 47. gxh5+ Kxh5 48. Kg3 g4 49. Bb6 Kg5 50. Bc5 Bd8 51. Bd6 Kf5 52. Bb8 Ba5 53. Kf2 Bd2 0-1

[Event "Toronto-ch"]
[Site "Toronto CAN"]
[Date "1982.02.??"]
[Round "5"]
[White "Kleinplatz, Sam"]
[Black "Morrison, Robert"]
[Result "0-1"]
[WhiteElo "2219"]
[BlackElo "2341"]
[PlyCount "60"]
[GameId "2160767912848833"]
[EventDate "1982.02.??"]
[EventType "tourn"]
[EventRounds "11"]
[EventCountry "CAN"]
[SourceTitle "EXT 2022"]
[Source "ChessBase"]
[SourceDate "2021.10.06"]
[SourceVersion "1"]
[SourceVersionDate "2021.10.06"]
[SourceQuality "1"]

1. d4 Nf6 2. c4 g6 3. Nc3 Bg7 4. e4 O-O 5. Be2 d6 6. Bg5 c6 7. Qd2 e5 8. Nf3 Nbd7 9. O-O exd4 10. Nxd4 Nc5 11. Qf4 Qe7 12. Bf3 Qe5 13. Rad1 Re8 14. Rfe1 Nfd7 15. Qh4 Ne6 16. Be3 a5 17. Be2 a4 18. Nf3 Qa5 19. Bd2 Qb6 20. Rb1 Ne5 21. b3 axb3 22. axb3 Ra3 23. Na4 Qc7 24. Bb4 Nxf3+ 25. Bxf3 Ra2 26. Nc3 Rc2 27. Ne2 c5 28. Ba3 Qa5 29. Ra1 Bxa1 30. Rxa1 Ra2 0-1

[Event "Toronto-ch"]
[Site "Toronto CAN"]
[Date "1982.02.??"]
[Round "5"]
[White "Lavin, David"]
[Black "Kilgour, Ian"]
[Result "1-0"]
[WhiteElo "2191"]
[BlackElo "2240"]
[PlyCount "76"]
[GameId "2160767912848834"]
[EventDate "1982.02.??"]
[EventType "tourn"]
[EventRounds "11"]
[EventCountry "CAN"]
[SourceTitle "EXT 2022"]
[Source "ChessBase"]
[SourceDate "2021.10.06"]
[SourceVersion "1"]
[SourceVersionDate "2021.10.06"]
[SourceQuality "1"]

1. d4 d5 2. c4 c6 3. Nc3 Nf6 4. Nf3 e6 5. e3 Bd6 6. Bd3 Nbd7 7. O-O O-O 8. b3 h6 9. Bb2 Re8 10. Qc2 dxc4 11. bxc4 e5 12. Rae1 a5 13. h3 a4 14. dxe5 Bxe5 15. Nxe5 Nxe5 16. Be2 a3 17. Bc1 Qa5 18. f4 Ng6 19. e4 Qc5+ 20. Kh1 Nh5 21. Kh2 Nf6 22. e5 Nh7 23. Bd3 Nhf8 24. Ne4 Qd4 25. Nd6 Rd8 26. Re4 Qc5 27. Be3 Qa5 28. Rb1 b5 29. cxb5 cxb5 30. Rxb5 Qe1 31. Bf2 Qxe4 32. Bxe4 Bd7 33. Bxa8 Bxb5 34. Bd5 Nxf4 35. Bxf7+ Kh8 36. Qf5 Nd3 37. Bb6 Bd7 38. Qxd3 Rb8 1-0

[Event "Toronto-ch"]
[Site "Toronto CAN"]
[Date "1982.02.??"]
[Round "6"]
[White "Kilgour, Ian"]
[Black "Findlay, Ian"]
[Result "0-1"]
[WhiteElo "2240"]
[BlackElo "2250"]
[PlyCount "80"]
[GameId "2160767912848835"]
[EventDate "1982.02.??"]
[EventType "tourn"]
[EventRounds "11"]
[EventCountry "CAN"]
[SourceTitle "EXT 2022"]
[Source "ChessBase"]
[SourceDate "2021.10.06"]
[SourceVersion "1"]
[SourceVersionDate "2021.10.06"]
[SourceQuality "1"]

1. e4 e5 2. Nf3 Nc6 3. Bc4 Bc5 4. c3 Nf6 5. d4 exd4 6. cxd4 Bb4+ 7. Nc3 Nxe4 8. O-O Nxc3 9. bxc3 d5 10. cxb4 dxc4 11. Re1+ Ne7 12. Bg5 f6 13. Bf4 Bf5 14. Nh4 Bd3 15. Qh5+ Kf8 16. Qc5 Rc8 17. Qxa7 Qd5 18. Nf3 Kf7 19. a4 Ra8 20. Qc5 Qxc5 21. bxc5 Nd5 22. Be3 Ra6 23. Ra3 Rha8 24. Rea1 b5 25. cxb6 cxb6 26. Bc1 Bc2 27. Nd2 c3 28. Nc4 Rxa4 29. Ne3 Nxe3 30. fxe3 Rxa3 31. Rxa3 Rxa3 32. Bxa3 Be4 33. Kf2 Ke6 34. Bb4 c2 35. Ba3 Kd5 36. Ke2 Kc4 37. Kd2 Kb3 38. Bc1 Bxg2 39. Kd3 f5 40. Kd2 Be4 0-1

[Event "Toronto-ch"]
[Site "Toronto CAN"]
[Date "1982.02.??"]
[Round "6"]
[White "Kleinplatz, Sam"]
[Black "Buchholz, Martin"]
[Result "1-0"]
[WhiteElo "2219"]
[BlackElo "2306"]
[PlyCount "81"]
[GameId "2160767912848836"]
[EventDate "1982.02.??"]
[EventType "tourn"]
[EventRounds "11"]
[EventCountry "CAN"]
[SourceTitle "EXT 2022"]
[Source "ChessBase"]
[SourceDate "2021.10.06"]
[SourceVersion "1"]
[SourceVersionDate "2021.10.06"]
[SourceQuality "1"]

1. c4 e6 2. Nc3 d5 3. d4 Be7 4. cxd5 exd5 5. Bf4 c6 6. e3 Bf5 7. g4 Be6 8. h3 h5 9. gxh5 Bd6 10. Nge2 Rxh5 11. Qb3 Bc8 12. Rg1 Kf8 13. O-O-O Bxf4 14. Nxf4 Rh4 15. Bd3 Qd6 16. Nce2 Ne7 17. Rg5 g6 18. Rdg1 Rh6 19. h4 Nd7 20. h5 gxh5 21. e4 dxe4 22. Bc4 Nf6 23. Bxf7 Bg4 24. Bg6 Nfd5 25. Bxh5 Bxe2 26. Nxe2 b6 27. Qh3 Nf6 28. Re5 Qxe5 29. dxe5 Rxh5 30. Qg3 Nfd5 31. Nd4 Rd8 32. e6 Rh8 33. Nf5 Nxf5 34. Qg6 Ke7 35. Qxf5 Rdf8 36. Rg7+ Kd6 37. Rd7+ Kc5 38. Qxe4 Rhg8 39. Rf7 Rg1+ 40. Kd2 Rd8 41. Rd7 1-0